000
00326nam a22001457a 4500
008
210609b ||||| |||| 00| 0 eng d
020
_a
9780324100983
041
_a
eng
080
_2
17th
_a
330.722.6
082
_a
330.722.6
100
_a
62
101
_a
KF
245
_a
College Accounting
_c
Heintz,J.A
942
_2
udc
_c
BK
999
_c
58074
_d
58074